000 01037cam a22003017a 4500
003 CHAP
005 20251110103832.0
008 971013s1988 r 00010 d
010 _a68838
011 _a69810
035 _a79288
040 _cCHAP
090 _aTesis
100 1 0 _aBuendía Suárez, Moisés de Jesús
_915951
245 0 _aCultivo y fisiología de tres selecciones de capulín (Prunus capuli Cav.) en el sureste del estado de México
260 _aChapingo, Méx. :
_bEl autor,
_c1988
300 _a77 h.
_b: mapas
502 _aTesis (Ing. Agrónomo esp. en Industrias Agrícolas) -- UACH. Departamento de Industrias Agrícolas
590 _aALEPH
_b10
_c20130110
_lUCH01
_h1406
590 _aBATCH-UPD
_b10
_c20130110
_lUCH01
_h2215
590 _aBATCH-UPD
_b10
_c20130410
_lUCH01
_h1516
590 _aBATCH-UPD
_b10
_c20130914
_lUCH01
_h0840
590 _aCONVERSION
_b10
_c20130109
_lUCH01
_h1338
650 1 4 _aCapulín.
_918746
901 _aBK
942 _cTESIS
949 _bBC
_cTES
_d-32175
_eTS1
_h21701
_i79288
_si
999 _c68838
_d68838